| 000 | 00523nam a2200169Ia 4500 | ||
|---|---|---|---|
| 008 | 240729s9999 xx 000 0 und d | ||
| 022 | _a2058-4563 | ||
| 245 | 0 | _aJournal of Innovation in Health Informatics | |
| 260 | _aUnited Kingdom | ||
| 260 | _bBCS, The Chartered Institute for IT | ||
| 650 | _a Computer applications to medicine. Medical informatics | ||
| 650 | _a Medicine (General) | ||
| 650 | _aMedicine | ||
| 856 | _uhttps://doaj.org/toc/afd866ccd27c4615bbe8dd571bfcf3be | ||
| 942 | _2ddc | ||
| 942 | _cDOAJEJ | ||
| 999 |
_c66252 _d66252 |
||
| 945 |
_a1 _bMadushi Gamage _c1 _dMadushi Gamage |
||